| 000 | 00742nac a22002291u 4500 | ||
|---|---|---|---|
| 008 | 100126t1976 nyu||||| |||| 001 0 eng d | ||
| 010 | _a75028453 | ||
| 020 | _a0471388122 | ||
| 082 | 0 | 0 |
_a620.112 _bMEC |
| 100 |
_a20080729 _910668 |
||
| 245 | 0 | 0 |
_aMechanics of Materials / _cArchie Higdon ... [et al.]. |
| 250 | _a3rd ed. | ||
| 260 |
_aNew York : _bWiley,1976 _c1976. |
||
| 300 |
_axv, 756 p. : _bill. ; _c24 cm. |
||
| 500 | _aFirst-2d ed. entered under A. Higdon. | ||
| 500 | _aDonations | ||
| 500 | _aDonations - Dr. Mostafa Gouda | ||
| 504 | _aIncludes bibliographical references and index. | ||
| 650 | 0 |
_aStrength of materials. _910669 |
|
| 700 | 1 |
_aHigdon, Archie, _d1905- _910670 |
|
| 942 |
_cBB _k620.112MEC _2ddc |
||
| 999 |
_c1679 _d1679 |
||